000 00569nam a22002057a 4500
005 20251108164718.0
008 250721s1994 xx 000 0 ara d
082 1 4 _a811.90962/طه
100 1 _aوادي، طه
245 1 0 _aشعر ناجي :
_bالموقف و الأداة /
250 _aط4.
264 1 _aالقاهرة :
_bدار المعارف،
_c1994.
300 _a143ص
650 1 7 _aالشعر العربي
650 1 7 _aالتاريخ الأدبي
650 1 7 _aالنقد الأدبي
650 1 7 _aمصر
942 _2ddc
_cBK
999 _c12483
_d12483